Franc-Using Countries Quiz Stats

 Plays Quiz Updated Sep 9, 2014

     
Support Sporcle.
Go Orange.
Score 0/22 Timer 04:00
0 Plays Today
Country % Correct
Switzerland
79.6%
Niger
66.2%
Mali
64.2%
Côte d'Ivoire
64%
Democratic Republic of the Congo
63.6%
Chad
62.8%
Guinea
61.5%
Central African Republic
61.4%
Senegal
60.3%
Cameroon
59.1%
Togo
58.6%
Country % Correct
Republic of the Congo
58.1%
Benin
56.1%
Guinea-Bissau
51.5%
Gabon
51%
Burkina Faso
50.8%
Rwanda
47.7%
Equatorial Guinea
47.1%
Burundi
41.2%
Liechtenstein
38.1%
Djibouti
33.2%
Comoros
31.2%

From the Vault

US States Larger Than the UK

by laurenthian

Try this quiz on for size!
Remove Ads.
Support Sporcle.
Get the best of Sporcle when you Go Orange. This ad-free experience offers more features, more stats, and more fun while also helping to support Sporcle. Thank you for becoming a member.

Show Comments

Extras

Top Quizzes Today


Score Distribution

Your Account Isn't Verified!

In order to create a playlist on Sporcle, you need to verify the email address you used during registration. Go to your Sporcle Settings to finish the process.

Report this User

Report this user for behavior that violates our Community Guidelines.

Details: